000
00294nam a2200109Ia 4500
008
200302s9999 xx 000 0 und d
100
_a
Giorgio Ciucci & Other
245
_a
The American City From the Civil War to the New Deal
260
_b
Granada Publishing
260
_c
1979
300
_a
563 P.,
999
_c
5620
_d
5620